[Event "Le Touquet op-B 20th"]
[Site "Le Touquet"]
[Date "2005.10.23"]
[Round "1"]
[White "Garet, Pierre"]
[Black "Guyot, Jean Jacques"]
[Result "1-0"]
[WhiteElo "1360"]
[BlackElo "1550"]
[PlyCount "97"]
[EventDate "2005.10.22"]
[EventType "swiss"]
[EventRounds "9"]
[EventCountry "FRA"]
[SourceTitle "EXT 2006"]
[Source "ChessBase"]
[SourceDate "2005.11.24"]
[SourceVersion "1"]
[SourceVersionDate "2005.11.24"]
[SourceQuality "1"]

1. e4 c5 2. Nc3 e6 3. Bc4 Nc6 4. Nf3 a6 5. d3 Be7 6. 0-0 b5 7. Bb3 Bb7 8. Re1 Nd4 9. Nxd4 cxd4 10. Ne2 e5 11. Bd2 a5 12. a3 Rc8 13. c4 bxc4 14. Bxc4 Nf6 15. Qb3 d5 16. Qxb7 dxc4 17. Qb5+ Qd7 18. Qxe5 cxd3 19. Nxd4 Rc5 20. Qb8+ Rc8 21. Qb5 0-0 22. Qxd7 Nxd7 23. Rac1 Bc5 24. Nf3 Rb8 25. Bc3 Bb6 26. Rcd1 Nc5 27. Ne5 Rfe8 28. Kf1 Re6 29. f3 Rd8 30. Re3 d2 31. Re2 Nb3 32. Nc4 Bc7 33. g3 f5 34. Nxd2 Nd4 35. Bxd4 Rxd4 36. exf5 Red6 37. Re8+ Kf7 38. Rde1 Rxd2 39. R1e7+ Kf6 40. Rxc7 Rxb2 41. Rf8+ Kg5 42. Rxg7+ Kh6 43. Re7 Rxh2 44. Re6+ Rxe6 45. fxe6 Rh1+ 46. Ke2 Rh2+ 47. Ke3 Rh1 48. Kf4 Rb1 49. e7 1-0